[Event "American Continental 2nd"]
[Site "Buenos Aires"]
[Date "2003.08.29"]
[Round "11"]
[White "Gulko, Boris F"]
[Black "Rodriguez Vila, Andres"]
[Result "1-0"]
[WhiteElo "2583"]
[BlackElo "2485"]
[Annotator "Erenburg,S"]
[PlyCount "91"]
[EventDate "2003.08.17"]
[EventType "swiss"]
[EventRounds "11"]
[EventCountry "ARG"]
[SourceTitle "CBM 097"]
[Source "ChessBase"]
[SourceDate "2003.11.11"]
[SourceVersion "1"]
[SourceVersionDate "2003.11.11"]
[SourceQuality "1"]

1. d4 g6 2. e4 d6 3. Nc3 Nd7 (3... Nf6) (3... Bg7) 4. f4 {In my opinion, the
most principal continuation. White tried also} (4. Nf3 {1-0 Zhang
Pengxiang-Burnett,R/Budapest 2000/CBM 76/[Finkel,A] (56)}) (4. Be3 Bg7 5. Qd2
c6 6. a4 Qa5 7. Nf3 Ngf6 8. h3 b5 9. b4 $14 {Paksa,R-Frank,J/HUN-chT2 1994})
4... e5 $6 {I think, that this move helps white to develop the initiative, as
he gets the target for attacks and allows him to open the "f" line for a rook
in a comfortable moment.} ({After} 4... Bg7 5. Nf3 c6 {the position can be
transformed to theoretical lines of B06.}) 5. dxe5 $146 {This position
appeared for the first time. In the previous game white continued} (5. Nf3 Bg7
6. Bc4 Ne7 $2 (6... exd4 $142) 7. fxe5 dxe5 8. Ng5 O-O 9. O-O $18 {1-0 Obando,
G-Berrio,A/Barranquilla 2001/EXT 2002 (29)}) 5... dxe5 6. Nf3 c6 (6... Bg7 7.
Bc4 $36) 7. Bc4 $1 {Black's position becomes vulnerable. Many of white's
pieces are ready to attack the black monarch, which needs at least 3 tempos to
castle.} Qe7 $1 (7... Bg7 {seems very dangerous.} 8. fxe5 (8. Ng5 Nh6 9. Bxf7+
$2 Nxf7 10. Ne6 Qe7 11. Nc7+ Kd8 12. Nxa8 b5) 8... Ne7 (8... Qe7 {see the game.
}) 9. Bxf7+ Kxf7 10. Ng5+ Kg8 (10... Ke8 11. Ne6 Qb6 12. Nxg7+ Kf7 13. e6+ $18
(13. Bh6 $18)) 11. Qd6 $1 $18) 8. fxe5 Nxe5 (8... Bg7 9. Bg5 Qc5 10. Qd3 $32 {
[%cal Ye1c1]}) 9. Nxe5 Qxe5 10. Qf3 $1 {[%cal Gc1f4]} ({Of course not} 10. O-O
Qc5+) 10... Nf6 11. Bf4 ({Logical alternative was} 11. O-O Be6 $1 12. Bxe6 fxe6
13. Bf4 (13. Qxf6 $140 $2 Bc5+ 14. Be3 (14. Kh1 Rf8) 14... Bxe3+ 15. Kh1 Qxf6
$15) 13... Qh5 14. Qxh5 Nxh5 15. Be5 $14) 11... Qh5 {this attempt to
neutralize white's initiative, trading the queens, seems legitimic.} 12. O-O (
12. Qxh5 Nxh5 13. Be5 f6 (13... Bg7 {seems also OK.}) 14. Bd4 Bd6 {and black
consolidates his position.}) 12... Bc5+ 13. Kh1 O-O {Black has succeeded to
complete the development with an accurate play, that is a very big success in
such position... But white'a initiative isn't over yet!} 14. e5 $1 {White has
to continue to play aggressive, otherwise, black's position can become even
better, due to an isolated "e" pawn.} Qxf3 $6 ({Better was} 14... Bg4 15. Qg3
Nd7 16. h3 (16. Ne4 Be7 17. Nd6 b5 18. Bb3 $14) 16... b5 $8 (16... Bf5 17. Be2
$18) 17. Bb3 (17. Qxg4 Qxg4 18. hxg4 bxc4 19. Rad1 Nb6 20. Ne4 Be7 $14) 17...
Bf5) 15. Rxf3 Nh5 $6 (15... Ng4 16. h3 Nf2+ 17. Kh2 {and black knight is in
trouble.}) (15... Nd7 $142 16. Ne4 $16) 16. Bh6 {Now white gets a decisive
advantage by force!} Ng7 17. Ne4 Be7 (17... b5 18. Bb3 (18. Bxb5 $16)) (17...
Bb6 18. Ng5 Bf5 19. h3 $5 {[%cal Gg2g4]} (19. Raf1 Rad8 20. Nxf7 Rxf7 21. Bxf7+
Kxf7 22. g4 $16) 19... Bd4 20. Re1 $18) 18. Nf6+ Kh8 19. Rd1 b5 20. Bb3 a5 $2 {
Other possibilities don't make black's life easier:} (20... Be6 21. Bxe6 fxe6
22. Bxg7+ $1 Kxg7 23. Rd7 Rf7 24. Nxh7 $1 $18) (20... Bf5 21. g4 Be6 22. Rh3
$18 (22. Bxe6 fxe6 23. Rd7 $18)) {[%tqu "En","Please find the way to get a
decisive advantage for white.","","","f6d7","",10]} 21. Nd7 $1 Bxd7 22. Rxd7
Rad8 ({Doesn't change anything:} 22... a4 23. Bxf7 Rad8 24. e6 $18) 23. Rxf7 $1
{More precise than} (23. Rxd8 Rxd8 24. g4 Ne6 $1 25. Rxf7 Bg5 $1 $16) 23...
Rxf7 24. Rxd8+ Bxd8 25. Bxf7 $18 {White is a pawn up, he has a pair of
powerful bishops, black king is out of the game... All these factors make
white's job easy.} Nf5 26. Bf8 b4 27. g4 {driving away black knight from good
position, and at the same time, opening the road to white monarch.} Ne7 (27...
Ne3 28. a3 $1 (28. Bc5 $2 Nxg4 29. e6 Kg7) (28. Kg1 $2 Nxg4 29. e6 Ne5 30. Bd6
Nc4 31. e7 $4 Bb6+) 28... bxa3 29. bxa3 $18 Nxg4 $140 30. e6 Ne5 31. Bd6 $18)
28. Kg2 h5 (28... Nc8 29. Kf3 $18) 29. gxh5 gxh5 30. Bxh5 {White is two pawns
up, so the rest is very easy for white.} Kg8 31. Bh6 Bc7 32. e6 Be5 33. Bf7+
Kh7 34. Bg5 Bd6 35. h4 Nd5 36. Kf3 Kg7 37. Be8 c5 38. Bc6 Nf6 39. b3 Be7 40.
Kf4 {Now it is the white's king time to join to the "party".} Kg6 41. Be4+ Kg7
42. Kf5 Bd8 43. Bf3 Be7 44. h5 Ng8 45. Bxe7 Nxe7+ 46. Ke5 1-0

[Event "Abu Dhabi op 14th"]
[Site "Abu Dhabi"]
[Date "2004.08.17"]
[Round "4"]
[White "Kobalia, Mihail"]
[Black "Dzhumaev, Marat"]
[Result "1-0"]
[WhiteElo "2618"]
[BlackElo "2520"]
[Annotator "Erenburg,S"]
[PlyCount "65"]
[EventDate "2004.08.14"]
[EventType "swiss"]
[EventRounds "9"]
[EventCountry "UAE"]
[SourceTitle "CBM 103"]
[Source "ChessBase"]
[SourceDate "2004.11.11"]
[SourceVersion "1"]
[SourceVersionDate "2004.11.11"]
[SourceQuality "1"]

1. e4 g6 2. d4 Bg7 3. Nc3 d6 4. Be3 Nd7 {Quite a rare continuation in
comparison to} (4... c6 {1/2-1/2 Geller,J-Akopian,V/Sochi 2004/[Erenburg] (42)}
) (4... a6 {1/2-1/2 Anand,V-Hillarp Persson,T/Benidorm 2003/CBM 99/[Erenburg] 
(55)}) 5. Qd2 a6 6. Nf3 {White has the following alternatives:} (6. h4 {
0-1 Shaw,J-Radjabov,T/Plovdiv 2003/CBM 98/[Erenburg] (33)}) (6. O-O-O {1/2-1/2
Vovsha,E-Ibragimov,I/Linares 2001/CBM 81/[Finkel,A] (33)}) (6. a4 {0-1
Gallagher,J-Ponomariov,R/Biel 2000/CBM 79/[Finkel,A] (38)}) (6. h3 {1/2-1/2
Borgo,G-Ovsejevitsch,S/Budapest 1999/CBM 73/[Finkel,A] (42)}) 6... b5 7. a4 {
creating the targets for attack on the queenside. More solid is} (7. Bd3 {
1-0 Meister,Y-Inarkiev,E/Moscow 2004/[Erenburg] (42)}) 7... b4 8. Ne2 Ngf6 (
8... c5 {1-0 Genser,H-Rudolf,H/Chalkidiki 2002/CBM 92/[Avrukh,B] (24)}) 9. Ng3
O-O $146 {I don't think, that black should not be in hurry with the castle.
That makes possible for white to start to develop initiative on the kingside
immediately. According to my database, this position appeared for the first
time. In the preceding games black tried} (9... Ng4 10. Bd3 $6 (10. Bf4 $142)
10... Nxe3 11. Qxe3 c5 $15 12. a5 cxd4 13. Nxd4 Qc7 14. O-O O-O 15. Rfd1 Nc5
16. Nge2 Bb7 17. Ra2 Rad8 18. f4 e5 19. Nb3 Nxd3 20. Qxd3 d5 21. Qe3 Qxc2 {
0-1 Ris,R-Inarkiev,E/Hoogeveen 2003/CBM 96 ext (21)}) (9... a5 10. Bh6 Bxh6 11.
Qxh6 e5 12. Bb5 Qe7 13. O-O Bb7 14. Rfe1 c6 15. Bf1 Ng4 16. Qd2 h5 17. h3 Ngf6
18. h4 Ng4 19. c3 bxc3 20. bxc3 O-O 21. Rab1 $14 {1-0 Shabanov,Y-Shchekachev,A/
Orel 1992/EXT 97 (50)}) (9... h5 10. Ng5 h4 11. Ne2 Ng4 12. Nf4 Ndf6 13. e5
dxe5 14. dxe5 Qxd2+ 15. Bxd2 Nxe5 16. Bxb4 Bh6 17. Bc3 Nc6 18. Nfh3 O-O $11 {
1/2-1/2 Hort,V-Keene,R/Dortmund 1982/MCL (38)}) 10. Bh6 {changing the
dark-squared bishop, thus, preparing the attack on the kingside.} ({The
capture of the pawn seems extremely dangerous, as white didn't complete the
development yet:} 10. Qxb4 c5 $1 11. Qd2 (11. dxc5 Rb8 $44) 11... Ng4 $44)
10... Bxh6 11. Qxh6 e5 {Black creates the counterplay, attacking white's
centre.} 12. dxe5 Nxe5 13. Be2 Nxf3+ $6 {The opening of the "g" file plays in
white's hands.} ({More logical is} 13... Qe7 $13 {with chances for both sides.}
) 14. gxf3 $1 {Brilliant decision! White opens the "g" file for the rooks,
that increases his chances for successful attack on the kingside.} b3 $5 {
Now it is clear that white will castle long at some stage. Therefore, black
tries to destroy or to weaken white's queenside.} 15. c3 Re8 (15... Qe8 {
[%cal Ye8a4] seems interesting, but after} 16. h4 $1 d5 17. h5 $40 {white's
attack is extremely dangerous.} dxe4 $2 18. Nxe4 Nxe4 $4 19. hxg6 $18) 16. h4
d5 $6 (16... Re5 17. f4 Rc5 18. h5 Qf8 19. hxg6 fxg6 20. Qh4 $16) ({Better was
} 16... Qe7 17. O-O-O (17. h5 d5) 17... Qe5 $14) 17. O-O-O $1 {It is a right
moment to castle now!} Qd7 ({In case of} 17... c6 18. h5 $40 {white's chances
are excelent.}) 18. Qg5 $1 {Very simple and very strong. White is just going
to win the central pawn and to continue the attack on the kingside.} Re6 19.
exd5 Rxe2 $2 {trying to change the character of the struggle. But, objectively
bad move.} ({More resistant was} 19... Rd6 20. Rd4 c5 (20... Nxd5 21. Ne4 $18)
21. dxc6 Qxc6 22. Rxd6 Qxd6 23. h5 $16 {But the position favours white anyway.}
) 20. Nxe2 Qxa4 ({Doesn't change anything:} 20... Kg7 21. h5 (21. Qf4 $18)
21... h6 22. Qe5 Qxa4 23. hxg6 Qa1+ 24. Kd2 Qxb2+ 25. Ke1 $18) 21. Qxf6 {
Why not to win the material if it is possible? :)} Qa1+ 22. Kd2 Qxb2+ 23. Ke3
$1 $18 {The king is located excellently. White is going to close the "e" file,
transfering the knight to e4. And black realizies, that he is rook down, and
his king is less safe, than his opponent's one! The rest needs no comment.} Bd7
24. Ng3 Re8+ 25. Kf4 Qc2 26. h5 Qxf2 27. Ne4 Rxe4+ (27... Qe2 28. h6 Rxe4+ 29.
fxe4 Qf2+ 30. Ke5 $18) 28. Kxe4 Bf5+ 29. Kf4 Qc5 30. Qd8+ Qf8 31. Qxf8+ Kxf8
32. Rb1 Bc2 33. Rb2 1-0

[Event "USA-ch"]
[Site "San Diego"]
[Date "2004.12.04"]
[Round "9"]
[White "Martinez, Marcel"]
[Black "Ivanov, Alexander"]
[Result "0-1"]
[WhiteElo "2383"]
[BlackElo "2582"]
[Annotator "Erenburg,S"]
[PlyCount "110"]
[EventDate "2004.11.24"]
[EventType "swiss"]
[EventRounds "9"]
[EventCountry "USA"]
[SourceTitle "CBM 105"]
[Source "ChessBase"]
[SourceDate "2005.04.11"]
[SourceVersion "1"]
[SourceVersionDate "2005.04.11"]
[SourceQuality "1"]

1. e4 g6 2. d4 Bg7 3. Nf3 d6 4. Nc3 c6 5. a4 {preventing the move b7-b5. Other
possibilities are:} (5. h3 $5 {1/2-1/2 Mamedov,R-Ehlvest,J/Moscow 2004/CBM
100_01/[Erenburg] (26)}) (5. Be2 Nf6 6. O-O O-O {1/2-1/2 Yevseev,D-Kornev,A/
Nefteyugansk 2002/CBM 92/[Erenburg] (30)}) (5. Be3 Nf6 6. Qd2 {0-1 Grigore,
N-Iordachescu,V/Bucharest 2003/CBM 94/[Erenburg] (27)}) 5... Bg4 {Immediately
solving the problem of developing the light-squared bishop. Black tried also:}
(5... b6 6. Bc4 e6 7. Bf4 Ne7 8. Qd2 h6 9. h4 Ba6 10. b3 Bb7 11. Rd1 a6 12. b4
Qc7 13. Bb3 Nd7 14. O-O Rd8 15. Nh2 Nf6 16. f3 h5 17. e5 dxe5 18. Bxe5 Qd7 19.
Qf4 Nf5 20. Ne4 $16 {1-0 Drabke,L-Bricard,E/Mulhouse 2004/CBM 103/[Atlas,V] 
(61)}) (5... a5 6. h3 Na6 7. Be3 Nb4 8. Nb1 $5 d5 9. e5 Nh6 10. c3 Na6 11. Qd2
Nf5 12. Bf4 h5 13. b4 $6 Nc7 14. Bd3 Ne6 15. Bh2 $2 axb4 16. cxb4 Nexd4 17.
Nxd4 Nxd4 18. Bxg6 Qb6 $1 $19 {[%cal Gd4b3,Gf7g6,Gc8h3] 0-1 Castano,D-Akopian,
V/Linares 2001/CBM 081/[Finkel,A] (24)}) 6. Be3 {strengthening the centre.} (6.
Bc4 {seems dubious, as after} e6 {black already threatens with d6-d5.} 7. d5
cxd5 8. exd5 e5 9. h3 Bxf3 10. Qxf3 f5 11. h4 h5 12. Qg3 Kf7 13. f3 Nd7 14. Qf2
a6 15. g4 Ne7 16. gxf5 gxf5 17. Bg5 Bf6 18. Rg1 Rc8 $13 {0-1 Ginsburg,
G-Bricard,E/Germany 2003/EXT 2004 (40)}) 6... Bxf3 (6... d5 7. Be2 Bxf3 8. Bxf3
Nf6 9. O-O O-O 10. Qd2 Na6 11. Rfe1 Nc7 12. Rad1 a5 13. Bg5 Ne6 14. exd5 Nxd5
15. Bh6 Nxc3 16. bxc3 $14 {1/2-1/2 Galdunts,S-Bricard,E/Calvi 2004/CBM 098 ext
(30)}) 7. gxf3 ({In case of} 7. Qxf3 Qb6 {Black attacks both b2 and d4 pawns,
thus, forcing white to castle long.} 8. O-O-O Nd7 {And now, White's monarch is
a bit vulnerable due to the a4 pawn.}) 7... Nd7 $146 {According to my database,
this position appeared for the first time. In the preceding game Black
continued} (7... d5 8. a5 e6 9. Qd2 Qh4 10. Ne2 h6 11. Nf4 Nd7 12. e5 Ne7 13.
Bd3 c5 14. c3 O-O 15. Rg1 cxd4 16. cxd4 Nc6 17. Rg4 Qe7 18. Ne2 h5 19. Bg5 Qb4
20. Rg3 Rfc8 $11 {0-1 Zapata,A-Chernin,A/Saint John 1988/CBM 06 (63)}) 8. Qd2
a6 {Black prepares to carry out b7-b5, that can be to the point in case of
White's long castle. But, first, White didn't castle yet, as well as Black's
development could be better...} ({Therefore, I would recommend the immediate} 
8... e6) 9. f4 e6 10. h4 d5 11. f3 $1 Ngf6 12. Bh3 Bf8 $5 {Quite logical
decision to transfer the bishop to diagonal f8-a3.} (12... Qb6 {with following
long castle desrves attention.}) 13. f5 {In spite of White's king is still in
the centre, White opens up the game, as he has a pair of bishops and Black's
monarch is located in the centre as well.} exf5 14. exf5 Bg7 $6 {Black chooses
to castle short, that is, in my opinion, a very risky decision... The long
castle seems a more solid option to me.} (14... Qb6 15. O-O-O O-O-O $13) 15.
O-O-O O-O 16. Bg5 Re8 17. Rdg1 {Now all the White pieces take part in
organizing an attack on the kingside!} Kh8 $6 {Another inaccuracy. Black
allows White to carry out h4-h5.} ({Better was} 17... Qc7 $1 {, moving away
the queen from the pin.} 18. fxg6 fxg6 19. Bxd7 $141 (19. h5 $141 Nxh5 20. Bxd7
Qxd7 21. Rxh5 gxh5 22. Bf6 Re7 $11) 19... Qxd7 20. Bxf6 Bxf6 21. h5 g5 22. f4
h6 $13) 18. fxg6 fxg6 19. h5 $1 gxh5 20. Bf5 Re7 21. Ne2 $1 {bringing another
piece to the kingside.} Qf8 (21... Qb6 22. Nf4 Rae8 23. a5 $1 (23. Nxh5 $141
Nxh5 24. Bxe7 Bxd4 $132) 23... Qb5 24. Nxh5 $18) 22. Nf4 $40 Rae8 $6 {allowing
White to win material... But, black hasn't any move, that can prevent an
obvious advantage from White...} (22... Qf7 23. Nd3 $1 $16 {[%cal Yf5d7,Gd3e5]}
(23. Nxh5 Nxh5 24. Bxe7 Qxf5 25. Rg5 Bh6 26. Rxf5 Bxd2+ 27. Kxd2 Ng3 $11)) (
22... Rae8 {[%tqu "En","Please find the best move for white.","","","f5g6","",
10]} 23. Bg6 $1 Rc8 24. Nxh5 Nxh5 25. Bxe7 Qxe7 26. Rxh5 $18) 23. Qg2 $2 {
Missing a very strong resource:} (23. Bg6 $1 Rc8 24. Nxh5 Nxh5 25. Bxe7 Qxe7
26. Rxh5 $18) 23... Bh6 24. Bg6 $2 {Too late, now Black has enough resources
to parry white's activity.} ({Better was} 24. Bxh6 Qxh6 25. Qd2 Rg7 26. Kb1 h4
27. Rxg7 Qxg7 28. Ne6 Qg3 29. Qh6 $14) 24... Bxg5 25. Qxg5 Rg7 $1 {Now Black
wins two light pieces for the rook.} 26. Qf5 (26. Qh6 {doesn't change anything:
} Ng8 27. Qg5 Ndf6 $17) 26... hxg6 27. Nxg6+ Rxg6 28. Rxg6 Re7 29. Qg5 Rh7 30.
Rh4 $2 {White discoordinates his heavy pieces, that, of course, plays in
black's hands. The least of the evils was a waiting strategy:} (30. a5 {
, and it is not so easy for Black to win this better position.} Rg7 31. Qh6+
Kg8 32. Rhg1 Rxg6 33. Qxg6+ Kh8 34. Qf5 $15 {[%cal Yg1g6]}) 30... Rg7 31. Rh1 (
31. Qh6+ Kg8 32. Rh1 Rxg6 33. Qxg6+ Qg7 $19) 31... Rxg6 32. Qxg6 Qg7 33. Qf5
Qg3 ({Stronger was} 33... Qg2 34. Re1 h4 35. Re7 Qg1+ $19) 34. Kb1 Kg7 35. b3
Kh6 36. Qd3 Qf4 37. Rg1 Nf8 38. Re1 (38. a5 N6h7 $19 {[%cal Yh7g5]}) 38... Ng6
$19 {Black has quite a big material advantage, his pieces are consolidated,
his king is already safe. Therefore, nothing can prevent from him to win the
game!} 39. c3 h4 40. Rg1 Ne7 41. Qe2 Nf5 42. Re1 Kg6 43. Kb2 Ng3 44. Qg2 Kf7
45. Ka3 a5 46. Qh3 Qxf3 47. Qxh4 Qxc3 48. Rg1 Qb4+ 49. Ka2 Ne2 50. Rf1 Nc3+ 51.
Kb2 Nxa4+ 52. Kc2 Qc3+ 53. Kd1 Qd3+ 54. Ke1 Qe3+ 55. Kd1 Nb2+ {winning the
rook.} 0-1

[Event "Moscow Aeroflot op-A"]
[Site "Moscow"]
[Date "2004.02.19"]
[Round "3"]
[White "Mamedyarov, Shakhriyar"]
[Black "Kulaots, Kaido"]
[Result "1/2-1/2"]
[WhiteElo "2646"]
[BlackElo "2530"]
[Annotator "Erenburg,S"]
[PlyCount "77"]
[EventDate "2004.02.17"]
[EventType "swiss"]
[EventRounds "9"]
[EventCountry "RUS"]
[SourceTitle "CBM 100"]
[Source "ChessBase"]
[SourceDate "2004.06.01"]
[SourceVersion "1"]
[SourceVersionDate "2004.06.01"]
[SourceQuality "1"]

1. e4 c5 2. Nf3 g6 3. c3 d5 4. exd5 Qxd5 5. d4 Bg7 6. Be2 {White has other
options to fight for an advantage:} (6. Na3 {1-0 Sveshnikov,E-Najer,E/St
Petersburg 1998/CBM 67/[Har Zvi] (30)}) (6. dxc5 {1-0 Tong Yuanming-Kudrin,S/
Beijing 1998/CBM 66/[Bangiev] (41)}) (6. Be3 {0-1 Kozak,A-Dreev,A/Elista 1998/
CBM 65/[Har Zvi] (44)}) 6... Nf6 ({Also possible:} 6... cxd4 {0-1 Matsuura,
E-Leitao,R/Sao Paulo 2001/CBM 82 ext/[Melao,H] (51)}) 7. O-O O-O 8. Ne5 {
with the following occupation of the long diagonal h1-a8. Other theoretical
possibilities are:} (8. c4 Qd6 (8... Qd8 $11) 9. Nc3 Bg4 10. Be3 cxd4 11. Nxd4
Bxe2 12. Qxe2 Nc6 13. Rad1 $14 {0-1 Stripunsky,A-Dreev,A/ICC INT 2001/CBM 81
ext (65)}) (8. Be3 cxd4 9. Nxd4 a6 10. Nd2 e5 11. N4b3 Bf5 12. Nc5 Qc6 13. Nc4
$14 {1-0 Oratovsky,M-Cabrera,A/Albacete 2002/EXT 2003 (64)}) (8. h3 $6 cxd4 9.
Qxd4 Nc6 10. Qxd5 Nxd5 $11 {1/2-1/2 Westerinen,H-Hernandez,G/Balaguer 1997/EXT
2003 (48)}) (8. dxc5 Qxc5 9. Be3 Qc7 10. Na3 Nc6 11. h3 a6 12. Qa4 h6 13. Rad1
Bf5 $11 {0-1 Ledger,A-Baburin,A/Isle of Man 1997/EXT 99 (32)}) 8... cxd4 9.
cxd4 Nc6 $146 {According to my database, this position appeared for the first
time. In the previous game black continued} (9... Qd8 10. Nc3 Nbd7 11. Bg5 Nb6
12. Qd2 Be6 13. Bf3 Nfd5 14. Bh6 Nxc3 15. bxc3 Bxe5 16. dxe5 Qxd2 17. Bxd2 Bd5
$11 {1/2-1/2 Kiselev,G-Gdanski,J/Polanica Zdroj 1997/EXT 2000 (49)}) 10. Nc3 ({
White doesn't achieve anything special after} 10. Bf3 Qd6 11. Bf4 (11. Nxc6
bxc6 12. Nc3 Bf5 13. Re1 Nd5 $11) 11... Qxd4 12. Nxc6 Qxf4 13. Nxe7+ Kh8 $11)
10... Qd6 {In such a structure it is always a difficult task to choose the
place for the queen. Other continuations are:} (10... Qxd4 $4 11. Nxc6 Qxd1 12.
Nxe7+ $18) (10... Qd8 11. Be3) ({In my opinion, the best place for the queen
is a5:} 10... Qa5 11. Bf4) 11. Nb5 Qd8 ({After} 11... Qb8 $5 {white gets a
slight advantage:} 12. Bf4 Nd5 13. Bg3 Nxe5 14. dxe5 Be6 15. Nd4 Bxe5 16. Nxe6
fxe6 17. Bg4 $14) 12. Bf3 Bd7 (12... Nxe5 $6 13. dxe5 Nd7 14. e6 $1 $14) (12...
Qb6 $5 13. Nxc6 bxc6 14. Nc3 Rd8 $11 {and black has chances to get an even
slightly better position, due to white's isolated d4 pawn.}) 13. Nc3 Qa5 14.
Nxd7 {After this move white hasn't real chances for an advantage.} ({More
principle was} 14. Re1 $5 {, keeping some pressure in the centre.} e6 (14...
Rfd8 15. Qb3 (15. Nxc6 Bxc6 16. Bxc6 bxc6 17. Rxe7 Qb4 18. Re2 Rxd4 19. Qc2 Qd6
{[%cal Gf6g4]} 20. h3 Nd5 $11) 15... e6 16. Be3 $1 $14 {[%cal Ye5d7,Gd4d5,
Gb3b7]}) 15. Be3 Rac8 16. Qb3 Nxe5 $141 17. dxe5 Qxe5 18. Bxa7 $14) 14... Nxd7
15. Bxc6 bxc6 16. Be3 Nb6 $11 {This pawn structure is typical for the Alapin
variation. White has an isolated pawn, but his opponent suffers from the weak
c6 pawn. The open file "b" usually promises equal chances for black. In this
particular position black has even slightly chances for a small advantage, as
he succeeded to change the light-squared bishops.} 17. Qc2 Nd5 18. Nxd5 $6 (18.
Ne4 $6 e5 $1 $15) ({Better was} 18. Rac1 $11) 18... cxd5 {Now white has three
"islands", while black has only two ones. Here black's chances are preferable
as white's pawns "a" and "b" become targets for black's heavy pieces.} 19. Rfc1
Qb6 20. Qd2 Rfc8 21. h3 e6 {opening the f8-a3 diagonal for the dark-squared
bishop.} 22. Rc3 $1 {White is going to occupy the "c" file.} (22. b3 $6 a5)
22... Rxc3 23. Qxc3 h5 (23... Qa6 24. Rc1 Qxa2 $4 25. Qc8+ Rxc8 26. Rxc8+ Bf8
27. Bh6 $18) 24. Rc1 a5 {White's control over "c" file doesn't give him any
advantages. Black is going to create a weakness in white's camp.} 25. b3 Bf8
26. Qc6 $6 ({Deserves attention:} 26. Bf4 a4 27. Be5) 26... Qxc6 27. Rxc6 a4
28. Rb6 axb3 29. axb3 Ra1+ 30. Kh2 Be7 $6 (30... h4 $1 $15 {gave black more
chances. In that case the white monarch would be very passive, while black can
improve his position step by step.}) 31. g4 $1 $11 {Now it is an equal endgame.
The white king has enough time for transfering to e2, from where it supports
the d4 pawn.} hxg4 32. hxg4 g5 33. Kg2 Rb1 34. Rb7 Bf6 35. Kf3 Rb2 36. Kg2 Kg7
37. Kf1 Kg6 38. Ke1 Bg7 39. Rb6 {Both sides cannot improve their positions,
therefore, they agreed for a draw.} 1/2-1/2